| 000 | 00941 a2200181 4500 | ||
|---|---|---|---|
| 020 | _a0072344024 (hardcover) | ||
| 020 | _a9780072344028 (hardcover) | ||
| 082 | 0 | 4 | _a519.5 |
| 090 |
_c5602 _d5602 |
||
| 100 | 1 | _aLind, Douglas A. | |
| 245 | 1 | 0 |
_aBasic statistics for business and economics / _cDouglas A. Lind. |
| 250 | _a3rd ed. | ||
| 260 |
_a[S.l.] : _bMcGraw-Hill Companies, _c1999. |
||
| 300 |
_a564 p. ; _c26 cm. |
||
| 520 | _aTraditionally, this text has held a prestigious position in the lower-level undergraduate Business Statistics course, due to the books reputation for easy step-by-step instructions, examples and problems. However, this text also sells into the four-year and even MBA markets depending on the professors teaching style and level of the students, primarily in the one semester course. | ||
| 856 | 4 | 0 |
_3Amazon.com _uhttp://www.amazon.com/exec/obidos/ASIN/0072344024/chopaconline-20 |
| 942 |
_aNBS _cBK _k519.5 LIN |
||
| 999 |
_c348006 _d348006 |
||